Mercedes-Maybach Car Models Worldwide 2024-25 - Statistics

General Stats
  • This quiz has been taken 146 times
    36 since last reset
  • The average score is 4 of 7
Answer Stats
Hint Answer % Correct
Fullsize SUV GLS600
79%
Executive Sedan S580
76%
Executive Sedan PHEV S580e
76%
Compact Roadster SL680
55%
Fullsize Crossover EV EQS680
48%
Executive Sedan S480
31%
Fullsize SUV GLS480
17%
No matching quizzes found
Score Distribution
Percent of People with Each Score
Percentile by Number Answered
Your Score History
You have not taken this quiz since the last reset